Julie and the Phantoms - The Other Side of Hollywood lyrics - Statistics

General Stats
  • This quiz has been taken 281 times
  • The average score is 291 of 422
Answer Stats
Lyrics % Correct
I
98%
the
98%
The
98%
go
97%
Hollywood
95%
other
95%
side
95%
of
94%
you
92%
Life
91%
on
91%
we
91%
We
91%
is
90%
to
90%
a
89%
A
89%
good
88%
in
86%
me
86%
So
86%
so
86%
Let
83%
let
83%
got
81%
Got
81%
do?
79%
introduce
79%
myself
79%
time
79%
your
79%
Your
79%
welcome
78%
some
77%
kill
76%
be
75%
make
74%
no
74%
Where
74%
gonna
71%
or
70%
brotherhood
69%
misunderstood
68%
see
68%
body
66%
history
66%
ain't
65%
Ain't
65%
live
65%
won't
65%
Consider
64%
Cause
63%
loose
63%
nothing
63%
new
62%
gates
61%
peace
61%
like
60%
pearly
60%
rest
60%
could
59%
seen
57%
Whatcha
57%
favorite
56%
kings
56%
can
55%
But
53%
but
53%
hear
53%
thing
53%
Show
52%
ever
50%
It
50%
it
50%
there
49%
two
48%
here
47%
you're
47%
misery
46%
and
44%
Boys
43%
boys
43%
night
42%
happiness
41%
luck
41%
thrills
41%
free
40%
has
40%
Just
40%
price
40%
Watch
40%
watch
40%
Everything
39%
we've
39%
fire
38%
happens
37%
move
37%
set
36%
vacancy
36%
don't
35%
dreams
35%
it's
35%
soul
35%
break
34%
if
34%
wildest
32%
out
31%
true
31%
fame
30%
boulevard
28%
scene
28%
walk
28%
too
27%
much
26%
Now
26%
now!
26%
Yeah!
26%
bragging
25%
all
24%
rain
24%
rising
24%
need
23%
print
23%
They
23%
gold
22%
you'll
22%
glamour
20%
souls
20%
blind
19%
I'm
18%
dead!
17%
Long
17%
disappoint
15%
best?
14%
that
14%
one
12%
come
11%
number
11%
something?
11%
ya
11%
choice
10%
view
9%
with
9%
Amen
8%
noise
8%
give
7%
tomb
6%
No matching quizzes found
Score Distribution
Percent of People with Each Score
Percentile by Number Answered
Your Score History
You have not taken this quiz